| 000 | 01290nam a22003255i 4500 | ||
|---|---|---|---|
| 001 | 154205 | ||
| 003 | ES-MaACL | ||
| 005 | 20250812013128.0 | ||
| 008 | 210816s2000 sp a s001 0 spa d | ||
| 020 | _a84-7120-281-6 | ||
| 020 | _a84-7664-704-2 | ||
| 080 | _a642.78(460)"15/18" | ||
| 080 | _a745:642.7"15/18"(083.824) | ||
| 245 | 0 | 0 |
_aTres siglos de formas y objetos en los palacios y monasterios reales : _ben torno a la mesa : [exposición] Salas de Exposiciones Temporales del Palacio Real, Madrid... / _c[autores de los textos, Mª Soledad García Fernández ... et al.]. |
| 246 | 3 | 8 | _aEn torno a la mesa |
| 260 |
_aMadrid : _bPatrimonio Nacional ; _a[Barcelona] : _bFundación "la Caixa", _c2000. |
||
| 300 |
_a206 p. : _bil. col. y n. ; _c30 cm. |
||
| 504 | _aBibliografía: p. 202-206. | ||
| 585 | _aExposición itinerante. | ||
| 650 | 7 |
_aArte de servir la mesa _2embne _9173253 |
|
| 650 | 4 |
_aVajilla- _vExposiciones. _9137867 |
|
| 655 | 7 |
_2tgfbne _9193628 _aCatálogos de exposiciones |
|
| 700 | 1 |
_aGarcía Fernández, María Soledad. _9173254 |
|
| 710 | 2 |
_aPalacio Real (Madrid) _9140906 |
|
| 710 | 2 |
_aPatrimonio Nacional (España) _96165 |
|
| 710 | 2 |
_aFundació "la Caixa" _9173255 |
|
| 852 | 4 |
_aES-MaACL _jL-29449 |
|
| 942 | _2udc | ||
| 999 |
_c154205 _d154205 |
||